000
00318nam a2200133Ia 4500
008
210428s9999 xx 000 0 und d
082
_a
532W571 F
100
_a
Frank M.White
_9
10449
245
0
_a
Fluid Mechanics 6thed.
250
_a
4th
260
_b
McGraw-Hill
_a
Photo copy
_c
1999
300
_a
826p
942
_c
BK
999
_c
560044
_d
560044